[Event "6. Internacional San Jose de Rio Preto"]
[Site "Rio Preto BRA"]
[Date "2007.04.24"]
[Round "8.2"]
[White "Dolezal, Cristian"]
[Black "Perdomo, Leandro"]
[Result "1/2-1/2"]
[WhiteElo "2414"]
[BlackElo "2389"]
[PlyCount "23"]
[EventDate "2007.04.19"]
[EventType "tourn"]
[EventRounds "11"]
[EventCountry "BRA"]
[Source "lmi"]
[SourceDate "2007.04.19"]

1. e4 e5 2. Nf3 Nc6 3. Bb5 a6 4. Ba4 Nf6 5. O-O Nxe4 6. d4 exd4 7. Re1 d5 8.
Nxd4 Bd6 9. Nxc6 Bxh2+ 10. Kxh2 Qh4+ 11. Kg1 Qxf2+ 12. Kh2 1/2-1/2

[Event "6. Internacional San Jose de Rio Preto"]
[Site "Rio Preto BRA"]
[Date "2007.04.24"]
[Round "8.3"]
[White "Stamenkovic, Dragan"]
[Black "Marra, Eduardo"]
[Result "1-0"]
[WhiteElo "2423"]
[BlackElo "2290"]
[PlyCount "67"]
[EventDate "2007.04.19"]
[EventType "tourn"]
[EventRounds "11"]
[EventCountry "BRA"]
[Source "lmi"]
[SourceDate "2007.04.19"]

1. d4 d5 2. Bg5 h6 3. Bh4 c6 4. Nf3 Qb6 5. b3 Bf5 6. e3 e6 7. Bd3 Bxd3 8. Qxd3
Nd7 9. O-O Be7 10. Bxe7 Nxe7 11. c4 O-O 12. Nc3 f5 13. Ne2 g5 14. h4 g4 15. Nd2
h5 16. Nf4 Kf7 17. f3 Ng6 18. Nxh5 Rh8 19. fxg4 Rxh5 20. gxh5 Nxh4 21. cxd5
cxd5 22. Rf4 Qd8 23. Qf1 Qg5 24. Qf2 Nxg2 25. Qxg2 Qxh5 26. Rf3 Rh8 27. Rg3 Nf6
28. Rg7+ Kf8 29. Rc1 Qh6 30. Rc8+ Ne8 31. Nf1 f4 32. Rxb7 Qf6 33. Qf3 Qg5+ 34.
Kf2 1-0

[Event "6. Internacional San Jose de Rio Preto"]
[Site "Rio Preto BRA"]
[Date "2007.04.24"]
[Round "8.4"]
[White "Oliveira, Silvio Eduardo"]
[Black "El Debs, Felipe"]
[Result "1/2-1/2"]
[WhiteElo "2187"]
[BlackElo "2393"]
[PlyCount "24"]
[EventDate "2007.04.19"]
[EventType "tourn"]
[EventRounds "11"]
[EventCountry "BRA"]
[Source "lmi"]
[SourceDate "2007.04.19"]

1. Nf3 Nf6 2. d4 d5 3. c4 c6 4. cxd5 cxd5 5. Nc3 Nc6 6. Bf4 a6 7. e3 Bg4 8. Be2
Rc8 9. O-O Bxf3 10. Bxf3 e6 11. Rc1 Bd6 12. Bg3 O-O 1/2-1/2

[Event "6. Internacional San Jose de Rio Preto"]
[Site "Rio Preto BRA"]
[Date "2007.04.24"]
[Round "8.6"]
[White "Crosa, Martin"]
[Black "Borges, Leomar"]
[Result "1/2-1/2"]
[WhiteElo "2403"]
[BlackElo "2225"]
[PlyCount "37"]
[EventDate "2007.04.19"]
[EventType "tourn"]
[EventRounds "11"]
[EventCountry "BRA"]
[Source "lmi"]
[SourceDate "2007.04.19"]

1. e4 Nf6 2. Nc3 d5 3. exd5 Nxd5 4. Nxd5 Qxd5 5. Qf3 Qxf3 6. Nxf3 Nc6 7. b3 Bf5
8. Bb2 f6 9. Bb5 e5 10. O-O-O O-O-O 11. Bxc6 bxc6 12. d3 Bg4 13. h3 Bxf3 14.
gxf3 Bc5 15. Rd2 Rd7 16. a3 Re8 17. Re1 Rde7 18. Re4 Kb7 19. b4 1/2-1/2

[Event "6. Internacional San Jose de Rio Preto"]
[Site "Rio Preto BRA"]
[Date "2007.04.24"]
[Round "9.1"]
[White "Borges, Leomar"]
[Black "Navarrete, Daniel"]
[Result "1/2-1/2"]
[WhiteElo "2225"]
[BlackElo "2115"]
[PlyCount "28"]
[EventDate "2007.04.19"]
[EventType "tourn"]
[EventRounds "11"]
[EventCountry "BRA"]
[Source "lmi"]
[SourceDate "2007.04.19"]

1. Nf3 c5 2. b3 Nc6 3. Bb2 Nf6 4. e3 d5 5. Be2 Qc7 6. d4 e6 7. O-O Be7 8. c4
O-O 9. Nc3 dxc4 10. Bxc4 cxd4 11. Nb5 Qb8 12. Nbxd4 Nxd4 13. Nxd4 e5 14. Nb5 a6
1/2-1/2

[Event "6. Internacional San Jose de Rio Preto"]
[Site "Rio Preto BRA"]
[Date "2007.04.24"]
[Round "9.5"]
[White "Perdomo, Leandro"]
[Black "Stamenkovic, Dragan"]
[Result "1/2-1/2"]
[WhiteElo "2389"]
[BlackElo "2423"]
[PlyCount "25"]
[EventDate "2007.04.19"]
[EventType "tourn"]
[EventRounds "11"]
[EventCountry "BRA"]
[Source "lmi"]
[SourceDate "2007.04.19"]

1. d4 d5 2. c4 c6 3. Nf3 Nf6 4. e3 e6 5. Bd3 Nbd7 6. Nbd2 Be7 7. O-O O-O 8. b3
b6 9. Bb2 c5 10. Ne5 Bb7 11. Qe2 Ne4 12. Nxe4 dxe4 13. Bc2 1/2-1/2

[Event "6. Internacional San Jose de Rio Preto"]
[Site "Rio Preto BRA"]
[Date "2007.04.24"]
[Round "9.6"]
[White "Batista, Gerson Peres"]
[Black "Dolezal, Cristian"]
[Result "0-1"]
[WhiteElo "2240"]
[BlackElo "2414"]
[PlyCount "44"]
[EventDate "2007.04.19"]
[EventType "tourn"]
[EventRounds "11"]
[EventCountry "BRA"]
[Source "lmi"]
[SourceDate "2007.04.19"]

1. d4 g6 2. c4 Bg7 3. Nc3 c5 4. d5 Bxc3+ 5. bxc3 f5 6. e4 d6 7. exf5 Bxf5 8.
Bd3 Nf6 9. Bxf5 gxf5 10. Qf3 Qa5 11. Ne2 Nbd7 12. O-O Qa4 13. Qxf5 Qxc4 14. Nf4
O-O-O 15. Be3 Kb8 16. Rab1 Nb6 17. Rfd1 Qxa2 18. Qe6 Rhe8 19. Qf7 Rc8 20. Nh5
Nxh5 21. Qxh5 Qc2 22. Rdc1 Qe4 0-1

[Event "6. Internacional San Jose de Rio Preto"]
[Site "Rio Preto BRA"]
[Date "2007.04.25"]
[Round "10.1"]
[White "Navarrete, Daniel"]
[Black "Dolezal, Cristian"]
[Result "0-1"]
[WhiteElo "2115"]
[BlackElo "2414"]
[PlyCount "68"]
[EventDate "2007.04.19"]
[EventType "tourn"]
[EventRounds "11"]
[EventCountry "BRA"]
[Source "lmi"]
[SourceDate "2007.04.19"]

1. e4 c5 2. Nf3 e6 3. d4 cxd4 4. Nxd4 a6 5. c4 Nc6 6. Be2 Nge7 7. Be3 Nxd4 8.
Bxd4 Nc6 9. Bc3 Qh4 10. Nd2 Bc5 11. g3 Qh6 12. Nb3 Ba7 13. Nd4 O-O 14. O-O e5
15. Nf5 Qf6 16. Qd6 Qxd6 17. Nxd6 Nd4 18. Bg4 Bc5 19. Bxd4 Bxd4 20. Rab1 g6 21.
b4 b6 22. Rfc1 Ra7 23. c5 bxc5 24. bxc5 Rc7 25. Rb8 Bxc5 26. Rxc8 Rfxc8 27.
Nxc8 Bxf2+ 28. Kxf2 Rxc1 29. Bxd7 Rc2+ 30. Kf3 Rxa2 31. Ne7+ Kg7 32. h4 a5 33.
Nc6 a4 34. Nxe5 a3 0-1

[Event "6. Internacional San Jose de Rio Preto"]
[Site "Rio Preto BRA"]
[Date "2007.04.25"]
[Round "10.3"]
[White "Oliveira, Silvio Eduardo"]
[Black "Perdomo, Leandro"]
[Result "1/2-1/2"]
[WhiteElo "2187"]
[BlackElo "2389"]
[PlyCount "46"]
[EventDate "2007.04.19"]
[EventType "tourn"]
[EventRounds "11"]
[EventCountry "BRA"]
[Source "lmi"]
[SourceDate "2007.04.19"]

1. e4 e5 2. Nf3 Nc6 3. Bb5 a6 4. Bc4 Nf6 5. O-O Be7 6. Re1 b5 7. Bb3 O-O 8. h3
d6 9. c3 Na5 10. Bc2 c5 11. d4 cxd4 12. cxd4 Qc7 13. Nbd2 Bb7 14. d5 Rac8 15.
Bd3 Nd7 16. Nf1 f5 17. exf5 Bxd5 18. Ng5 Bxg5 19. Bxg5 Bc6 20. Rc1 d5 21. Ne3
Qb7 22. Ng4 e4 23. Bd2 Qb6 1/2-1/2

[Event "6. Internacional San Jose de Rio Preto"]
[Site "Rio Preto BRA"]
[Date "2007.04.25"]
[Round "10.5"]
[White "Crosa, Martin"]
[Black "El Debs, Felipe"]
[Result "1/2-1/2"]
[WhiteElo "2403"]
[BlackElo "2393"]
[PlyCount "27"]
[EventDate "2007.04.19"]
[EventType "tourn"]
[EventRounds "11"]
[EventCountry "BRA"]
[Source "lmi"]
[SourceDate "2007.04.19"]

1. e4 c5 2. Nf3 e6 3. d4 cxd4 4. Nxd4 Nc6 5. Nc3 Qc7 6. Be2 a6 7. O-O Nf6 8.
Be3 Bb4 9. Na4 Be7 10. Nxc6 bxc6 11. Nb6 Rb8 12. Nxc8 Qxc8 13. Bd4 c5 14. Be5
1/2-1/2